000 00692nam a2200289Ia 4500
005 20260324120345.0
008 008 260324s9999 xx 000 0 eng d
020 _a9780429132735
037 _aEBOOK
040 _aCRL
040 _beng
040 _cCRL
041 _2eng
041 _aeng
084 _qCRL
100 _aWilliam A. Goddard III; Art E. Cho
_91158239
245 0 _aMetalloproteins
245 0 _bTheory, Calculations, and Experiments
260 _bTaylor and Francis
260 _c2015
365 _a
365 _b370
856 _uhttp://www.taylorfrancis.com/books/9780429132735
942 _cEBOOK
999 _c1749736
_d1749736